000
00373nam a2200133Ia 4500
008
100328s9999 xx 000 0 und d
082
_b
64576
100
_a
पाडगाकर मंगेश.
245
_a
सूर आनंदघन.
260
_b
मौज.
630
_a
सूर आनंदघन.
730
_a
सूर आनंदघन.
942
_c
BOOK
999
_c
550358
_d
550355